RADIO VALVE DATA CHARACTERISTICS OF 7000 VALVES TRANSISTORS, SEMICONDUCTOR DIODES AND RECTIFIERS AND CATHODS RAY (Record no. 566951)
[ view plain ]
| 000 -LEADER | |
|---|---|
| fixed length control field | 00293nam a22000977a 4500 |
| 082 ## - DEWEY DECIMAL CLASSIFICATION NUMBER | |
| Classification number | 621.384 RAD'I |
| 245 ## - TITLE STATEMENT | |
| Title | RADIO VALVE DATA CHARACTERISTICS OF 7000 VALVES TRANSISTORS, SEMICONDUCTOR DIODES AND RECTIFIERS AND CATHODS RAY |
| 260 ## - PUBLICATION, DISTRIBUTION, ETC. | |
| Place of publication, distribution, etc. | LONDON |
| Name of publisher, distributor, etc. | ILIFFE |
| Date of publication, distribution, etc. | 1966 |
| 300 ## - PHYSICAL DESCRIPTION | |
| Extent | 230P |
| 942 ## - ADDED ENTRY ELEMENTS (KOHA) | |
| Koha item type | Book |
| Withdrawn status | Lost status | Damaged status | Not for loan | Permanent Location | Current Location | Shelving location | Date acquired | Total Checkouts | Full call number | Barcode | Date last seen | Price effective from | Koha item type |
|---|---|---|---|---|---|---|---|---|---|---|---|---|---|
| College of Electrical & Mechanical Engineering (CEME) | College of Electrical & Mechanical Engineering (CEME) | General Stacks | 07/12/2017 | 621.384 RAD'I | CEME-4679 | 06/28/2021 | 06/28/2021 | Book | |||||
| College of Electrical & Mechanical Engineering (CEME) | College of Electrical & Mechanical Engineering (CEME) | General Stacks | 07/12/2017 | 621.384 RAD'I | CEME-4598 | 06/28/2021 | 06/28/2021 | Book |
